Grandes atlas de las ciencias (Registro nro. 48868)
[ vista simple ]
| 000 -LÍDER | |
|---|---|
| Campo fijo de descripción fija | 002390000a22001090004500 |
| 020 ## - NÚMERO INTERNACIONAL NORMALIZADO PARA LIBROS | |
| Número Internacional Normalizado del libro | 84-89436-77-0 |
| 082 04 - NÚMERO DE CLASIFICACIÓN DECIMAL DEWEY | |
| Número de clasificación | CD 086 |
| 001 - NÚMERO DE CONTROL | |
| Campo de control | 1710 |
| 245 10 - TÍTULO | |
| Título del Material | Grandes atlas de las ciencias |
| 260 ## - PUBLICACIÓN, DISTRIBUCIÓN, ETC. (PIE DE IMPRENTA) | |
| Lugar de publicación, distribución, etc. | Grupo cultural de Colombia Ltda |
| 942 ## - TIPO DE MATERIAL (KOHA) | |
| Tipo de Item KOHA | Z- Libro General BINCO |
| Estado de Material | Estado de Perdido | Volumen-Parte/Tomo | Estado de Dañado | No para Préstamo | Tomo | Biblioteca de Origen | Biblioteca Permanente | Fecha de Adquisición | Total de Préstamos | Signatura Topográfica | Código de Barras | Última vez visto | Ejemplar/Existencia | Fecha de Remplazo | Tipo de Material |
|---|---|---|---|---|---|---|---|---|---|---|---|---|---|---|---|
| Biblioteca Infantil Comunitaria BINCO | Biblioteca Infantil Comunitaria BINCO | 09/11/2009 | CD 086 | B32298 | 24/11/2016 | 2 | 26/01/2016 | Z- Libro General BINCO | |||||||
| Biblioteca Infantil Comunitaria BINCO | Biblioteca Infantil Comunitaria BINCO | 24/10/2008 | CD 086 | B32302 | 24/11/2016 | 1 | 26/01/2016 | Z- Libro General BINCO |
